|
|
|
|
| LEADER |
01351nam a2200349 a 4500 |
| 001 |
35700 |
| 003 |
BD-DhAAL |
| 005 |
20211206131901.0 |
| 008 |
200309t1991 enk 001 0 eng d |
| 999 |
|
|
|c 42310
|d 42310
|
| 010 |
|
|
|a 91004404
|
| 020 |
|
|
|a 0304323659 :
|c £25.00
|
| 020 |
|
|
|a 0304323667 (pbk.) :
|c £8.95
|
| 020 |
|
|
|a 9780304323661
|
| 040 |
|
|
|a DLC
|c DLC
|d DLC
|d BD-DhAAL
|
| 043 |
|
|
|a e-uk---
|
| 050 |
0 |
0 |
|a LB1117
|b .C82 1991
|
| 082 |
0 |
0 |
|a 372.1810941
|2 20
|
| 100 |
1 |
|
|a Cullingford, Cedric.
|9 39843
|
| 245 |
1 |
4 |
|a The inner world of the school :
|b children's ideas about schools /
|c Cedric Cullingford.
|
| 260 |
|
|
|a London :
|b Cassell,
|c c1991.
|
| 300 |
|
|
|a 184 pages ;
|c 23 cm.
|
| 490 |
|
|
|a Children, teachers, and learning
|
| 504 |
|
|
|a Includes bibliographical references and index.
|
| 526 |
|
|
|a BIED
|
| 541 |
|
|
|a Complimentary copy from BIED
|e 35700
|
| 650 |
|
0 |
|a School children
|z Great Britain
|x Attitudes.
|9 39844
|
| 650 |
|
0 |
|a Elementary schools
|z Great Britain.
|9 39845
|
| 650 |
|
0 |
|a Education, Elementary
|z Great Britain.
|9 39846
|
| 852 |
|
|
|a Ayesha Abed Library
|c BIED Collection
|
| 942 |
|
|
|2 ddc
|c BK
|
| 952 |
|
|
|0 0
|1 0
|2 ddc
|4 0
|6 372_181094100000000_CUL
|7 0
|9 68116
|a BRACUL
|b BRACUL
|c GEN
|d 2020-03-09
|e Complimentary copy from BIED
|l 0
|o 372.1810941 CUL
|p 3010035700
|r 2020-03-09
|t 1
|w 2020-03-09
|y BK
|x Transferred from BIED to General Stacks
|